000 00804cab a2200229 4500
001 WB2834-19
008 090401t1992 xxu||||| |||| 00| 0 eng d
035 _a(Sirsi) u438
041 _aeng
245 _aHousing land supply for 5 years
260 _c1992
350 _a0
490 _aDaily Telegraph
_v1 September 1992, 14(1)
520 _aThere is sufficient land available to meet all housing requirements of the South East`s structure plans for the next five years, with room for 273,000 new homes, though there is disagreement over its suitability, according to the SE Regional Planning Conference.
650 _aAFFORDABLE HOMES
650 _aHOUSE BUILDING LAND
650 _aSOUTH-EAST ENGLAND
690 _aHOUSING-DEVELOPMENT
690 _aLAND
942 _n0
948 _c04/03/1997
999 _c182
_d182